Premier League 2024/24 GW3 XIs - Statistics

General Stats
  • This quiz has been taken 26 times
  • The average score is 155 of 220
Answer Stats
Team Position Answer % Correct
Newcastle ATT Alexander Isak
94%
Newcastle ATT Anthony Gordon
94%
Arsenal DEF Ben White
94%
Arsenal ATT Bukayo Saka
94%
Nott Forest ATT Chris Wood
94%
Arsenal GK David Raya
94%
Arsenal MID Declan Rice
94%
Aston Villa GK Emiliano Martinez
94%
Man City ATT Erling Haaland
94%
Arsenal DEF Gabriel
94%
Everton GK Jordan Pickford
94%
Arsenal ATT Kai Havertz
94%
Arsenal ATT Leandro Trossard
94%
Man United DEF Lisandro Martinez
94%
Liverpool MID Luis Diaz
94%
Arsenal MID Martin Odegaard
94%
Nott Forest MID Morgan Gibbs-White
94%
Newcastle GK Nick Pope
94%
Aston Villa ATT Ollie Watkins
94%
Man City DEF Ruben Dias
94%
Arsenal MID Thomas Partey
94%
Arsenal DEF William Saliba
94%
Aston Villa MID Amadou Onana
89%
Man United GK Andre Onana
89%
Liverpool DEF Andrew Robertson
89%
Man United MID Bruno Fernandes
89%
Newcastle MID Bruno Guimaraes
89%
Liverpool ATT Diogo Jota
89%
Man City GK Ederson
89%
Chelsea MID Enzo Fernandez
89%
Spurs ATT Heung Min Son
89%
Spurs MID James Maddison
89%
Newcastle MID Joelinton
89%
Arsenal DEF Jurrien Timber
89%
Man City MID Kevin de Bruyne
89%
Man United MID Kobbie Mainoo
89%
Liverpool MID Mohamed Salah
89%
Chelsea ATT Nicolas Jackson
89%
Chelsea MID Pedro Neto
89%
Liverpool DEF Trent Alexander-Arnold
89%
Liverpool DEF Virgil van Dijk
89%
Southampton GK Aaron Ramsdale
83%
Liverpool GK Alisson
83%
Fulham DEF Antonee Robinson
83%
Fulham GK Bernd Leno
83%
Man United MID Casemiro
83%
Spurs DEF Christian Romero
83%
Chelsea MID Cole Palmer
83%
Crystal Palace MID Eberechi Eze
83%
Fulham MID Emile Smith-Rowe
83%
Spurs GK Guglielmo Vicario
83%
Liverpool DEF Ibrahima Konate
83%
Man City MID Jack Grealish
83%
Leicester ATT Jamie Vardy
83%
West Ham ATT Jarrad Bowen
83%
Crystal Palace ATT Jean-Philippe Mateta
83%
Man City MID Jeremy Doku
83%
Aston Villa MID John McGinn
83%
Man United ATT Joshua Zirkzee
83%
Man City DEF Josko Gvardiol
83%
Bournemouth GK Kepa Arrizabalaga
83%
Ipswich ATT Liam Delap
83%
Chelsea DEF Malo Gusto
83%
Man City DEF Manuel Akanji
83%
Chelsea DEF Marc Cucurella
83%
Man United MID Marcus Rashford
83%
Wolves MID Matheus Cunha
83%
Man United DEF Matthijs de Ligt
83%
Chelsea MID Moises Caicedo
83%
Aston Villa DEF Pau Torres
83%
Spurs DEF Pedro Porro
83%
Man City MID Rico Lewis
83%
Chelsea GK Robert Sanchez
83%
Man United MID Alejandro Garnacho
78%
Liverpool MID Alexis Mac Allister
78%
West Ham GK Alphonso Areola
78%
Brighton GK Bart Verbruggen
78%
Southampton ATT Ben Brereton Diaz
78%
Man City MID Bernardo Silva
78%
Brentford ATT Bryan Mbuemo
78%
Nott Forest ATT Callum Hudson-Odoi
78%
Newcastle DEF Dan Burn
78%
Crystal Palace GK Dean Henderson
78%
Spurs DEF Destiny Udogie
78%
Man United DEF Diogo Dalot
78%
Everton ATT Dominic Calvert-Lewin
78%
Liverpool MID Dominic Szoboszlai
78%
Aston Villa DEF Ezri Konsa
78%
Brighton MID Kaoru Mitoma
78%
Chelsea DEF Levi Colwill
78%
Bournemouth MID Lewis Cook
78%
Man City MID Mateo Kovacic
78%
Nott Forest GK Matz Sels
78%
Everton DEF Michael Keane
78%
Man United DEF Noussair Mazraoui
78%
Liverpool MID Ryan Gravenberch
78%
Chelsea DEF Wesley Fofana
78%
Brentford ATT Yoane Wissa
78%
Nott Forest ATT Anthony Elanga
72%
Bournemouth MID Antoine Semenyo
72%
Fulham DEF Calvin Bassey
72%
Brighton ATT Danny Welbeck
72%
Everton MID Dwight McNeil
72%
Brentford DEF Ethan Pinnock
72%
Bournemouth DEF Illia Zabarnyi
72%
Everton DEF James Tarkowski
72%
Brighton DEF Jan Paul van Hecke
72%
Ipswich MID Kalvin Phillips
72%
Crystal Palace DEF Marc Guehi
72%
Brentford GK Mark Flekken
72%
Bournemouth DEF Milos Kerkez
72%
West Ham ATT Mohammed Kudus
72%
Nott Forest DEF Murillo
72%
Nott Forest DEF Neco Williams
72%
Chelsea MID Noni Madueke
72%
Spurs MID Papp Sarr
72%
Newcastle MID Sean Longstaff
72%
Newcastle DEF Tino Livramento
72%
Everton DEF Vitalii Mykolenko
72%
Fulham MID Adama Traore
67%
Crystal Palace MID Adam Wharton
67%
Fulham MID Andreas Pereira
67%
Ipswich GK Arijanet Muric
67%
Brentford MID Christian Norgaard
67%
Spurs ATT Dejan Kulusevski
67%
West Ham DEF Emerson
67%
Bournemouth ATT Evanilson
67%
Newcastle ATT Harvey Barnes
67%
Wolves MID Joao Gomes
67%
Brentford ATT Kevin Schade
67%
West Ham DEF Konstantinos Mavropanos
67%
Brighton DEF Lewis Dunk
67%
Aston Villa DEF Lucas Digne
67%
West Ham MID Lucas Paqueta
67%
West Ham DEF Max Kilman
67%
West Ham ATT Michail Antonio
67%
Aston Villa MID Morgan Rogers
67%
Wolves DEF Nelson Semedo
67%
Wolves MID Rayan Ait Nouri
67%
Fulham ATT Rodrigo Muniz
67%
Everton DEF Seamus Coleman
67%
Wolves DEF Toti Gomes
67%
Brentford DEF Vitaly Janelt
67%
Leicester DEF Wout Faes
67%
Spurs MID Yves Bissouma
67%
West Ham DEF Aaron Wan-Bissaka
61%
Leicester MID Abdul Fatawu
61%
Southampton ATT Adam Armstrong
61%
Crystal Palace MID Daniel Munoz
61%
Newcastle DEF Emil Krafth
61%
Everton MID Idrissa Gueye
61%
Everton MID Jack Harrison
61%
Brighton MID James Milner
61%
Brighton MID Joao Pedro
61%
Bournemouth MID Justin Kluivert
61%
Ipswich DEF Leif Davis
61%
Aston Villa MID Leon Bailey
61%
Leicester GK Mads Hermansen
61%
Bournemouth MID Marcus Tavernier
61%
Wolves MID Mario Lemina
61%
Nott Forest DEF Nikola Milenkovic
61%
Nott Forest DEF Ola Aina
61%
Leicester MID Oliver Skipp
61%
Ipswich MID Omari Hutchinson
61%
Spurs DEF Radu Dragusin
61%
Crystal Palace MID Tyrick Mitchell
61%
Brighton MID Yankuba Minteh
61%
Aston Villa MID Youri Tielemans
61%
Fulham MID Alex Iwobi
56%
Brighton MID Carlos Baleba
56%
Crystal Palace DEF Chris Richards
56%
Crystal Palace MID Daichi Kamada
56%
Nott Forest MID Elliot Anderson
56%
West Ham MID Guido Rodriguez
56%
Leicester MID Harry Winks
56%
Everton MID Iliman Ndiaye
56%
Southampton DEF Jack Stephens
56%
Leicester DEF James Justin
56%
Southampton DEF Jan Bednarek
56%
Brighton DEF Joel Veltman
56%
Wolves ATT Jorgen Strand Larsen
56%
Fulham DEF Kenny Tete
56%
Brentford DEF Kristoffer Ajer
56%
Southampton MID Kyle Walker-Peters
56%
Bournemouth DEF Marcos Senesi
56%
Brentford MID Mathias Jensen
56%
Brentford MID Mikel Damsgaard
56%
Brentford DEF Nathan Collins
56%
Southampton DEF Taylor Harwood-Bellis
56%
Crystal Palace MID Will Hughes
56%
Southampton MID Will Smallbone
56%
West Ham MID Edson Alvarez
50%
Fulham DEF Issa Diop
50%
Bournemouth MID Ryan Christie
50%
Wolves GK Sam Johnstone
50%
Ipswich MID Sam Morsy
50%
Fulham MID Sasa Lukic
50%
Leicester MID Wilfred Ndidi
50%
Southampton MID Yukinari Sugawara
50%
Ipswich DEF Axel Tuanzebe
44%
Wolves DEF Craig Dawson
44%
Southampton MID Flynn Downes
44%
Nott Forest MID Ibrahim Sangare
44%
Ipswich DEF Jacob Greaves
44%
Southampton MID Joe Aribo
44%
Leicester MID Jordan Ayew
44%
Newcastle DEF Lloyd Kelly
44%
Leicester DEF Memeh Caleb Okoli
44%
Crystal Palace DEF Nathaniel Clyne
44%
Ipswich MID Sam Szmodics
44%
Leicester DEF Victor Kristiansen
44%
Spurs ATT Wilson Odobert
44%
Brighton DEF Jack Hinshelwood
39%
Everton MID Tim Iroegbunam
39%
Wolves DEF Yerson Mosquera
39%
Wolves MID Jean-Ricner Bellegarde
33%
Bournemouth DEF Julian Araujo
28%
Aston Villa DEF Lamar Bogarde
28%
Ipswich DEF Luke Woolfenden
22%
Ipswich MID Chiedozie Ogbene
17%
No matching quizzes found
Score Distribution
Percent of People with Each Score
Percentile by Number Answered
Your Score History
You have not taken this quiz